Consonantal Divide Quiz Stats

Quiz Updated Feb 27, 2014

Also try: Divided Countries
Challenge
Share
Tweet
Score 0/35 Timer 06:00
3 Plays Today
% Correct
AAAA
95.6%
IEEEI
92.6%
OUA
92.2%
UAI
92%
OU OEA
90.6%
EIO
89.8%
AO EE
88.4%
OIIA
87.5%
EUAOIA UIEA
86.4%
EAY
85.2%
UA
85.1%
YYA
84.4%
AIA
84.3%
UEIA
83.8%
EA
83%
AAA
82.6%
YAA
79.6%
AO
78.8%
% Correct
UIA
78.1%
AEAIA
78%
UUUAY
72.2%
AI
72%
EY
67.3%
IIAI
62.8%
OA
56.8%
EIOIA
52.2%
UYAA
52%
YEE
51.5%
AOA
48.7%
IA
47.1%
AUU
44.5%
AAIA
44%
EUAO
42.7%
AEIA
41.8%
IAE
40.5%

You're not logged in!

Compare scores with friends on all Sporcle quizzes.
Join for Free
OR
Log In

You Might Also Like...

Show Comments

Extras

Top Quizzes Today


Score Distribution

Your Account Isn't Verified!

In order to create a playlist on Sporcle, you need to verify the email address you used during registration. Go to your Sporcle Settings to finish the process.

Report this User

Report this user for behavior that violates our Community Guidelines.

Details: